000 00640nam a2200217Ii 4500
003 JO-AjNU
008 230606s9999||||xx |||||||||||||| ||und||
020 _a0-412-54550-0
040 _aJO-AjNU
_beng
_erda
_cJO-AjNU
041 _aeng
050 1 4 _aHF5635 .A27 1993
100 3 _aAlexander,David/ Britton,Anne,
_eauthor
_93456
245 0 0 _aFinancial Reporting
250 _a3 ed
264 3 1 _aLondon: Chapman and Hall,1993
300 _a633p
_bIncludes bibliographical indexes(P629-633)
336 _atext
_btxt
_2rdacontent
337 _aunmediated
_bn
_2rdamedia
338 _avolume
_bnc
_2rdacarrier
650 4 _aAccounting
_93457
999 _aE1804
_c1804
_d1804